000 00988cam a2200205 i 4500
005 20251214120353.0
008 250721s2001 jo gr 000 0 ara d
020 _a9957072455
082 1 4 _a216.7
_bذ ه ب
100 1 _aالذهبي، شمس الدين أبو عبد الله محمد بن احمد بن عثمان بن قايماز
_d(673 - 748)ه،
_eمؤلف.
245 1 0 _aكتاب الكبائر /
_cتأليف الامام الحافظ شمس الدين ابي عبدالله محمد بن احمد بن عثمان بن قايماز الذهبي ؛ حققه وخرج احاديثه وعلق عليه عبدالله عطا عمر.
250 _aالطبعة الاولى.
264 3 1 _aعمان :
_bدار الفكر للطباعة والنشر والتوزيع،
_c2001.
300 _a244 صفحة.
650 1 7 _aالفقه الإسلامي.
650 1 7 _aالكبائر.
700 1 _aعمر، عبد الله
_eمحقق.
942 _2ddc
_cBK
999 _c48326
_d48326